Top 100 NFL Players of All Time - Statistics

General Stats
  • This quiz has been taken 527 times
  • The average score is 50 of 100
Answer Stats
Position Team Player % Correct
QB NE Tom Brady
100%
QB SF Joe Montana
95%
QB IND Peyton Manning
95%
QB GB Aaron Rodgers
93%
QB GB Brett Favre
93%
QB MIA Dan Marino
88%
QB NO Drew Brees
88%
QB DEN John Elway
87%
RB DET Barry Sanders
84%
RB DAL Emmitt Smith
84%
WR SF Jerry Rice
84%
RB CLE Jim Brown
84%
CB DAL Deion Sanders
83%
DE BUF Bruce Smith
82%
CB OAK Willie Brown
82%
RB CHI Walter Payton
81%
WR MIN Randy Moss
79%
QB NYJ Joe Namath
76%
RB LAC LaDainian Tomlinson
76%
QB GB Bart Starr
74%
QB PIT Terry Bradshaw
74%
QB IND Johnny Unitas
72%
TE NE Rob Gronkowski
71%
TE KC Tony Gonzalez
70%
WR ARI Larry Fitzgerald
69%
RB MIN Adrian Peterson
66%
RB LAR Eric Dickerson
66%
WR IND Marvin Harrison
66%
QB DAL Roger Staubach
65%
OLB NYG Lawrence Taylor
64%
MLB BAL Ray Lewis
64%
S BAL Ed Reed
63%
OG DAL Larry Allen
63%
WR SF Terrell Owens
63%
RB OAK Marcus Allen
62%
RB LAR Marshall Faulk
62%
QB CLE Otto Graham
62%
RB BUF O.J. Simpson
61%
WR SEA Steve Largent
59%
RB DEN Terrell Davis
58%
WR DAL Michael Irvin
56%
KR CHI Devin Hester
55%
CB WAS Darrell Green
54%
WR MIN Cris Carter
53%
DE LAR Deacon Jones
53%
OT SEA Walter Jones
53%
DT DAL Randy White
52%
DE PHI Reggie White
52%
S SF Ronnie Lott
52%
K NE Adam Vinatieri
51%
S PIT Troy Polamalu
48%
OT CIN Anthony Munoz
46%
TE CHI Mike Ditka
46%
MLB CHI Brian Urlacher
45%
RB TEN Earl Campbell
45%
CB DET Night Train Lane
45%
QB WAS Sammy Baugh
45%
RB CHI Gale Sayers
44%
DE NYG Michael Strahan
44%
CB PIT Rod Woodson
44%
S PHI Brian Dawkins
42%
MLB CHI Dick Butkus
41%
WR LAR Isaac Bruce
41%
DT PIT Mean Joe Greene
39%
TE LAC Kellen Winslow
38%
OLB TB Derrick Brooks
37%
WR GB Don Hutson
37%
MLB CHI Mike Singletary
37%
RB DAL Tony Dorsett
36%
OG TEN Bruce Matthews
34%
P OAK Ray Guy
33%
CB NE Ty Law
33%
OT BAL Jonathan Ogden
32%
DT MIN Alan Page
31%
MLB PIT Jack Lambert
31%
WR LAC Lance Alworth
31%
CB PIT Mel Blount
31%
OLB PIT Jack Ham
28%
OLB LAC Junior Seau
26%
S ARI Larry Wilson
24%
DT MIN John Randle
22%
C OAK Jim Otto
20%
OG OAK Gene Upshaw
19%
DT LAR Merlin Olsen
19%
WR IND Raymond Berry
19%
S WAS Ken Houston
18%
MLB GB Ray Nitschke
18%
DT DAL Bob Lilly
17%
TE IND John Mackey
17%
OLB KC Bobby Bell
15%
OT GB Forrest Gregg
15%
MLB KC Willie Lanier
15%
DE TB Lee Roy Selmon
14%
OG MIN Randall McDaniel
13%
C MIA Dwight Stephenson
12%
OG MIA Larry Little
12%
OLB OAK Ted Hendricks
12%
OLB PHI Chuck Bednarik
11%
DE IND Gino Marchetti
8%
S NYG Emlen Tunell
5%
No matching quizzes found
Score Distribution
Percent of People with Each Score
Percentile by Number Answered
Your Score History
You have not taken this quiz